Catálogo

Vista normal Vista MARC

Entrada Personal Name

Número de registros utilizados en: 1

001 - CONTROL NUMBER

  • control field: 17841

003 - CONTROL NUMBER IDENTIFIER

  • control field: DLC

005 - DATE AND TIME OF LATEST TRANSACTION

  • control field: 20260212114800.0

008 - FIXED-LENGTH DATA ELEMENTS

  • fixed length control field: 870911n| azannaabn |a aaa c

010 ## - LIBRARY OF CONGRESS CONTROL NUMBER

  • LC control number: n 85262844

035 ## - SYSTEM CONTROL NUMBER

  • System control number: (OCoLC)oca01938920

035 ## - SYSTEM CONTROL NUMBER

  • System control number: (CaEvSKY)skya2583913

040 ## - CATALOGING SOURCE

  • Original cataloging agency: WU
  • Language of cataloging: spa
  • Description conventions: rda
  • Transcribing agency: Mx-PuUPA
  • Modifying agency: DLC
  • Modifying agency: NjP
  • Modifying agency: OCoLC
  • Modifying agency: TxU
  • Modifying agency: OCoLC
  • Modifying agency: FOV
  • Modifying agency: UPB
  • Modifying agency: IEN
  • Modifying agency: DLC
  • Modifying agency: MX-MxCID
  • Modifying agency: Mx-PuUPA

046 ## - SPECIAL CODED DATES

  • Birth date: 19560110
  • Source of date scheme: edtf

053 #0 - LC CLASSIFICATION NUMBER

  • Classification number element--single number or beginning number of span: PQ6663.U4795

100 1# - HEADING--PERSONAL NAME

  • Personal name: Muñoz Molina, Antonio,
  • Dates associated with a name: 1956-

370 ## - ASSOCIATED PLACE

  • Place of birth: Ubeda (Jaén, España)
  • Associated country: Spain
  • Source of term: naf

372 ## - FIELD OF ACTIVITY

  • Field of activity: Arte-Historia
  • Field of activity: Periodismo
  • Source of term: lcsh

373 ## - ASSOCIATED GROUP

  • Associated group: Real Academia Española
  • Associated group: Universidad de Granada
  • Source of term: naf

374 ## - OCCUPATION

  • Occupation: Autor
  • Occupation: Escritor
  • Occupation: Académico
  • Source of term: lcsh

375 ## - GENDER

  • Gender: hombre

377 ## - ASSOCIATED LANGUAGE

  • Language code: spa

400 1# - SEE FROM TRACING--PERSONAL NAME

  • Personal name: Molina, Antonio Muñoz,
  • Dates associated with a name: 1956-

400 1# - SEE FROM TRACING--PERSONAL NAME

  • Personal name: מוניוס מולינה, אנטוניו

670 ## - SOURCE DATA FOUND

  • Source citation: His Diario del Nautilus, 1986?:
  • Information found: t.p. (Antonio Muñoz Molina)

670 ## - SOURCE DATA FOUND

  • Source citation: His Beatus Ille, 1986:
  • Information found: t.p. (Antonio Muñoz Molina) cover p. 1 (b. Úbeda (Jaén), Jan. 1956)

670 ## - SOURCE DATA FOUND

  • Source citation: Like a fading snow, 2017:
  • Information found: ECIP t.p. (Antonio Muñoz Molina) data view (b. Jan. 10, 1956)

670 ## - SOURCE DATA FOUND

  • Source citation: Ventanas de Manhattan, 2004:
  • Information found: flap (Antonio Muñoz Molina; born in Úbeda (Jaén, [Andalusia]) in 1956; studied journalism in Madrid and graduated in Art History at the University of Granada; member of the Royal Spanish Academy)